[Event "BL 8081 FH Hamburg-Mainz"]
[Site "?"]
[Date "1981.??.??"]
[Round "?.1"]
[White "Wockenfuss, K."]
[Black "Werner, D."]
[Result "0-1"]
[WhiteElo "2380"]
[BlackElo "2345"]
[PlyCount "98"]
[EventDate "1981.??.??"]

1. d4 Nf6 2. c4 d6 3. Nc3 Nbd7 4. e4 e5 5. d5 Nc5 6. Qc2 a5 7. Be2 c6 8. Nf3
cxd5 9. cxd5 Bd7 10. Be3 Rc8 11. Nd2 Ng4 12. Bxc5 Rxc5 13. O-O Be7 14. Qb3 Qc7
15. Nb5 Qb8 16. a4 O-O 17. Nc4 Bxb5 18. axb5 Nf6 19. Qf3 b6 20. Ne3 g6 21. Bc4
Rc7 22. g3 Nd7 23. h4 Qc8 24. b3 Nc5 25. h5 Bg5 26. Kg2 f5 27. hxg6 hxg6 28.
exf5 gxf5 29. Rh1 Rg7 30. Qh5 Ne4 31. Be2 Bxe3 32. Qh8+ Kf7 33. Qh5+ Ke7 34.
fxe3 Nxg3 35. Qh4+ Rf6 36. Kf2 Nxh1+ 37. Rxh1 f4 38. e4 Qc5+ 39. Ke1 f3 40. Bc4
a4 41. Qh8 Rg1+ 42. Rxg1 Qxg1+ 43. Bf1 Qe3+ 44. Kd1 Qd4+ 45. Kc1 Qa1+ 46. Kd2
Qxf1 47. Qg7+ Rf7 48. Qg5+ Kd7 49. Qg4+ Kc7 0-1

[Event "BL 8081 FH Hamburg-Mainz"]
[Site "?"]
[Date "1981.??.??"]
[Round "?.5"]
[White "Fries Nielsen, J."]
[Black "Bockius, A."]
[Result "1-0"]
[WhiteElo "2320"]
[BlackElo "2235"]
[PlyCount "45"]
[EventDate "1981.??.??"]

1. c4 Nf6 2. Nc3 g6 3. e4 d6 4. d4 Bg7 5. Nf3 O-O 6. Be2 e5 7. O-O Nc6 8. d5
Ne7 9. Nd2 Bh6 10. b4 Ne8 11. Nb3 Bxc1 12. Rxc1 f5 13. c5 fxe4 14. Nxe4 Nf5 15.
g3 h6 16. Qd2 Kh7 17. f4 exf4 18. Qxf4 Rg8 19. g4 Ne7 20. Rc3 g5 21. Qf7+ Kh8
22. Rh3 Rg6 23. Nxg5 1-0

[Event "BL 8081 Bamberg-Bochum"]
[Site "?"]
[Date "1981.??.??"]
[Round "?.1"]
[White "Pfleger, He"]
[Black "Borik, O."]
[Result "1-0"]
[WhiteElo "2505"]
[BlackElo "2390"]
[PlyCount "73"]
[EventDate "1981.??.??"]

1. c4 Nf6 2. Nc3 c5 3. g3 e6 4. Bg2 Nc6 5. Nf3 d5 6. cxd5 Nxd5 7. O-O Be7 8. d4
O-O 9. e4 Ndb4 10. a3 cxd4 11. axb4 dxc3 12. bxc3 Qc7 13. Be3 Rd8 14. Qe2 e5
15. b5 Na5 16. Nxe5 Nb3 17. Rab1 Be6 18. f4 Qxc3 19. f5 Bc5 20. fxe6 Qxe3+ 21.
Qxe3 Bxe3+ 22. Kh1 Nd2 23. Nxf7 Re8 24. Rbe1 Nxf1 25. Bxf1 Bf2 26. Rd1 Rxe6 27.
Nd6 Re7 28. Bc4+ Kh8 29. Rf1 Rd7 30. Nf7+ Rxf7 31. Bxf7 Bd4 32. Bd5 Bf6 33.
Bxb7 Rb8 34. Bc6 h5 35. Rf5 h4 36. Rh5+ Kg8 37. Bd5+ 1-0

[Event "BL 8081 Bamberg-Bochum"]
[Site "?"]
[Date "1981.??.??"]
[Round "?.2"]
[White "Budde, V."]
[Black "Podzielny, K."]
[Result "0-1"]
[WhiteElo "2285"]
[BlackElo "2385"]
[PlyCount "83"]
[EventDate "1981.??.??"]

1. Nf3 Nf6 2. d4 g6 3. c4 Bg7 4. Nc3 O-O 5. e3 c5 6. Be2 cxd4 7. exd4 d5 8. O-O
dxc4 9. Bxc4 Nc6 10. a3 Bg4 11. d5 Bxf3 12. Qxf3 Ne5 13. Qe2 Nxc4 14. Qxc4 Rc8
15. Qb3 Qc7 16. h3 Rfd8 17. Re1 Rd7 18. Be3 Qa5 19. Bd4 Ne8 20. Bxg7 Kxg7 21.
Re5 Nf6 22. Rae1 Qc5 23. Qa4 a6 24. Qd1 e6 25. Qa4 exd5 26. g4 h6 27. h4 b5 28.
Qf4 Qd6 29. g5 Nh5 30. gxh6+ Kh7 31. Qd2 Nf6 32. h5 Rg8 33. hxg6+ Rxg6+ 34. Rg5
Ng4 35. Kf1 Qh2 36. Rxg6 fxg6 37. Re8 d4 38. Ne4 Qh1+ 39. Ke2 d3+ 40. Qxd3 Rxd3
41. Ng5+ Kxh6 42. Rh8+ 0-1

[Event "BL 8081 Bamberg-Bochum"]
[Site "?"]
[Date "1981.??.??"]
[Round "?.3"]
[White "Kestler, H."]
[Black "Bachmann, K."]
[Result "0-1"]
[WhiteElo "2385"]
[BlackElo "2265"]
[PlyCount "100"]
[EventDate "1981.??.??"]

1. c4 e5 2. Nc3 Nf6 3. Nf3 Nc6 4. e4 d6 5. d4 Bg4 6. d5 Nd4 7. Be3 Nxf3+ 8.
gxf3 Bh5 9. Rg1 Be7 10. Be2 O-O 11. Qd2 Bg6 12. Bd3 Nh5 13. O-O-O f5 14. exf5
Bxf5 15. Be4 Qd7 16. Qc2 b6 17. Ne2 Bh4 18. Rg2 Rf7 19. Rdg1 Raf8 20. Ng3 Bxe4
21. fxe4 Bxg3 22. hxg3 Qg4 23. Rh2 Nf6 24. Rh4 Qg6 25. Rgh1 h6 26. Bxh6 gxh6
27. Rxh6 Qg5+ 28. f4 Qxg3 29. fxe5 dxe5 30. Qd1 Rg7 31. d6 Qe3+ 32. Kb1 cxd6
33. Rh8+ Kf7 34. Rxf8+ Kxf8 35. Qxd6+ Kf7 36. Rf1 Qxe4+ 37. Ka1 Qf3 38. Qc7+
Ke6 39. Qc8+ Nd7 40. Qe8+ Kd6 41. Rb1 Kc7 42. c5 bxc5 43. Qh8 Rg2 44. Qh1 Qf2
45. Qc1 Qc2 46. Qe1 Qd2 47. Qe4 Re2 48. Qh1 e4 49. a3 Qd4 50. Qf1 Re3 0-1

[Event "BL 8081 Bamberg-Bochum"]
[Site "?"]
[Date "1981.??.??"]
[Round "?.4"]
[White "Wittmann, R."]
[Black "Treppner, G."]
[Result "1-0"]
[WhiteElo "2320"]
[BlackElo "2280"]
[PlyCount "173"]
[EventDate "1981.??.??"]

1. e4 g6 2. d4 Bg7 3. Be2 d6 4. h4 Nf6 5. Nc3 h5 6. Bg5 c6 7. a4 a5 8. Qd2 Qb6
9. Nf3 Be6 10. O-O Na6 11. Rad1 Nb4 12. d5 Bg4 13. dxc6 bxc6 14. e5 dxe5 15.
Nxe5 Be6 16. Bc4 Bxc4 17. Nxc4 Qc5 18. Bxf6 Bxf6 19. Ne4 Qxc4 20. Nxf6+ Kf8 21.
Nd7+ Kg7 22. Nb6 Qxh4 23. Nxa8 Rxa8 24. Qc3+ Qf6 25. Qxf6+ Kxf6 26. Rd2 Rb8 27.
Re1 Nd5 28. b3 Rb7 29. Re4 Ra7 30. Rd3 e6 31. Rc4 Ra6 32. g3 Ke7 33. Kg2 Kd6
34. Rf4 Ke7 35. Re4 Ra7 36. Kf3 Ra6 37. Red4 Ra7 38. Rd2 Rb7 39. Ke2 Nc3+ 40.
Ke1 Nd5 41. Kd1 c5 42. Rc4 Kd6 43. Kc1 Kc6 44. Kb2 Rb8 45. Re4 Rb7 46. Re1 Rb8
47. c4 Nb6 48. Kc3 Rb7 49. Red1 Rd7 50. Rd3 Kc7 51. Rxd7+ Nxd7 52. Kd3 Kd6 53.
Ke4+ Ke7 54. f3 f6 55. Rh1 f5+ 56. Ke3 Ne5 57. Rd1 Nc6 58. g4 hxg4 59. fxg4
fxg4 60. Rg1 Nd4 61. Rxg4 Nxb3 62. Rxg6 Kd6 63. Rg8 Nd4 64. Ra8 Nc6 65. Ke4 Kc7
66. Rh8 Kd6 67. Rh1 Nd4 68. Rd1 Kc6 69. Ke5 Kd7 70. Rd3 Ke7 71. Rh3 Nc6+ 72.
Ke4 Kd6 73. Rd3+ Nd4 74. Rd2 Kc7 75. Rb2 Kd6 76. Rb1 Kd7 77. Ke5 Nc6+ 78. Kf6
Nb4 79. Rd1+ Kc6 80. Kxe6 Na2 81. Rd6+ Kb7 82. Rd3 Kc6 83. Ke5 Nb4 84. Rh3 Na2
85. Rg3 Kb6 86. Kd6 Nb4 87. Rb3 1-0

[Event "BL 8081 Bamberg-Bochum"]
[Site "?"]
[Date "1981.??.??"]
[Round "?.5"]
[White "Hartmann, Wo"]
[Black "Ackermann, H."]
[Result "0-1"]
[WhiteElo "2240"]
[BlackElo "2275"]
[PlyCount "52"]
[EventDate "1981.??.??"]

1. e4 c6 2. d4 g6 3. f4 Bg7 4. Nf3 d6 5. Bd3 Bg4 6. e5 dxe5 7. dxe5 Na6 8. Qe2
Nb4 9. Be4 f5 10. exf6 Nxf6 11. Nbd2 Nxe4 12. Nxe4 Bxf3 13. gxf3 Nd5 14. Ng5
Qd6 15. Ne6 Bf6 16. O-O Nc7 17. Nxc7+ Qxc7 18. Qe4 O-O 19. c3 Rad8 20. Be3 Qa5
21. Qe6+ Kg7 22. Rfd1 a6 23. Rd7 Rxd7 24. Qxd7 Qb5 25. Re1 Rf7 26. Bd4 e5 0-1

[Event "BL 8081 Bayern-Porz"]
[Site "?"]
[Date "1981.??.??"]
[Round "?.1"]
[White "Westermeier, A."]
[Black "Huebner, R."]
[Result "0-1"]
[WhiteElo "2305"]
[BlackElo "2635"]
[PlyCount "78"]
[EventDate "1981.??.??"]

1. e4 e5 2. Nc3 Bc5 3. Nf3 d6 4. d4 exd4 5. Nxd4 Ne7 6. Be3 O-O 7. Bc4 Bb6 8.
O-O Nbc6 9. h3 Nxd4 10. Bxd4 Be6 11. Bxe6 fxe6 12. Bxb6 axb6 13. Qg4 Rf6 14. f4
Qe8 15. Rf2 Qc6 16. Raf1 Raf8 17. Qg5 Ra8 18. Qb5 Ra5 19. Qxc6 bxc6 20. g4 g6
21. Kg2 c5 22. Kg3 b5 23. a3 Nc6 24. f5 b4 25. axb4 cxb4 26. Nd1 gxf5 27. exf5
exf5 28. Rxf5 Rfxf5 29. Rxf5 Ne5 30. Ne3 b3 31. cxb3 Rb5 32. Kf4 Kg7 33. h4
Rxb3 34. Nd5 Ng6+ 35. Ke4 c6 36. Nc7 Rb4+ 37. Ke3 Nxh4 38. Ne6+ Kg6 39. Nf4+
Rxf4 0-1

[Event "BL 8081 Bayern-Porz"]
[Site "?"]
[Date "1981.??.??"]
[Round "?.2"]
[White "Hort, V."]
[Black "Saacke, B."]
[Result "1-0"]
[WhiteElo "2575"]
[BlackElo "2355"]
[PlyCount "65"]
[EventDate "1981.??.??"]

1. d4 d5 2. c4 e6 3. Nc3 Be7 4. cxd5 exd5 5. Bf4 c6 6. e3 Bf5 7. Nge2 Nd7 8.
Ng3 Bg6 9. Be2 Ngf6 10. h4 h5 11. Bg5 Qb6 12. Qd2 Bd6 13. Bf4 Be7 14. Bf3 a5
15. O-O O-O 16. Bg5 Rfe8 17. Rac1 a4 18. a3 Bd6 19. Bf4 Bxf4 20. exf4 Qa5 21.
f5 Bh7 22. Qf4 Qb6 23. Rc2 Ne4 24. Bxe4 dxe4 25. Nxh5 Ra5 26. g4 g6 27. Ng3
Qxd4 28. Ncxe4 gxf5 29. Rd2 Qe5 30. Qg5+ Qg7 31. Rxd7 Qxg5 32. Nxg5 f4 33. Nxh7
1-0

[Event "BL 8081 Bayern-Porz"]
[Site "?"]
[Date "1981.??.??"]
[Round "?.3"]
[White "Klundt, K."]
[Black "Sigurjonsson, G."]
[Result "0-1"]
[WhiteElo "2405"]
[BlackElo "2435"]
[PlyCount "87"]
[EventDate "1981.??.??"]

1. e4 c5 2. Nf3 d6 3. d4 cxd4 4. Nxd4 Nf6 5. Nc3 a6 6. Be2 e5 7. Nb3 Be7 8. O-O
O-O 9. a4 Nc6 10. f4 Nb4 11. Bf3 Bd7 12. Be3 Bc6 13. Kh1 Qc7 14. a5 Rac8 15.
Qd2 Qb8 16. Rac1 Rfd8 17. Qf2 d5 18. Ba7 Qd6 19. exd5 Nfxd5 20. fxe5 Qxe5 21.
Rce1 Qg5 22. Bxd5 Nxd5 23. Qxf7+ Kh8 24. Ne4 Qh6 25. Nd4 Rf8 26. Qe6 Rxf1+ 27.
Rxf1 Qxe6 28. Nxe6 Nc7 29. N4g5 Bd5 30. Re1 h6 31. Nxc7 Rxc7 32. Nf3 Bb4 33. c3
Bc5 34. Bxc5 Rxc5 35. Kg1 Rxa5 36. Nd4 Ra2 37. Re2 Kg8 38. Kf2 Kf7 39. Nf5 Kf6
40. Ne3 Be6 41. Rd2 a5 42. g3 a4 43. Ke2 Ra1 44. Kd3 {ZÜ} 0-1

[Event "BL 8081 Bayern-Porz"]
[Site "?"]
[Date "1981.??.??"]
[Round "?.4"]
[White "Schmidt, B."]
[Black "Kindermann, S."]
[Result "1-0"]
[WhiteElo "2375"]
[BlackElo "2455"]
[PlyCount "61"]
[EventDate "1981.??.??"]

1. d4 Nf6 2. Nf3 g6 3. c4 Bg7 4. Nc3 O-O 5. e4 d6 6. Be2 e5 7. O-O Nc6 8. d5
Ne7 9. Ne1 Nd7 10. Nd3 f5 11. Bd2 Nf6 12. f3 f4 13. Qc2 c5 14. dxc6 Nxc6 15.
Nf2 Nh5 16. Rfd1 Ng3 17. Be1 Nd4 18. Qd3 Qb6 19. hxg3 fxg3 20. Nb5 Nxb5 21.
cxb5 gxf2+ 22. Bxf2 Qd8 23. Qxd6 Qg5 24. Qd2 Qh5 25. Rac1 Be6 26. Bc4 Bxc4 27.
Rxc4 Bh6 28. Qd7 Bf4 29. Rc7 Qh6 30. Qe6+ Kh8 31. Rdd7 1-0

[Event "BL 8081 Bayern-Porz"]
[Site "?"]
[Date "1981.??.??"]
[Round "?.5"]
[White "Schubert, C."]
[Black "Reefschlaeger, H."]
[Result "1/2-1/2"]
[WhiteElo "2245"]
[BlackElo "2400"]
[PlyCount "63"]
[EventDate "1981.??.??"]

1. e4 c6 2. d4 d5 3. e5 c5 4. dxc5 Nc6 5. Bb5 e6 6. Be3 Nge7 7. Nf3 Nf5 8. Bf4
Bxc5 9. O-O h6 10. h3 g5 11. Bh2 h5 12. g4 hxg4 13. hxg4 Nh6 14. Ne1 f5 15.
exf6 Bd6 16. Bg3 Bxg3 17. Bxc6+ bxc6 18. fxg3 Qb6+ 19. Kg2 e5 20. f7+ Kf8 21.
Rh1 Bxg4 22. Qd2 Qxb2 23. Qxg5 Nxf7 24. Rxh8+ Nxh8 25. Qxg4 Qxa1 26. Qb4+ Kg7
27. Qg4+ Kf8 28. Qb4+ Kg7 29. Qg4+ Kf6 30. Qh4+ Ke6 31. Qh6+ Ke7 32. Qg5+
1/2-1/2

[Event "BL 8081 Bochum-Bayern"]
[Site "?"]
[Date "1981.??.??"]
[Round "?.3"]
[White "Bachmann, K."]
[Black "Klundt, K."]
[Result "1/2-1/2"]
[WhiteElo "2265"]
[BlackElo "2405"]
[PlyCount "37"]
[EventDate "1981.??.??"]

1. Nf3 Nf6 2. g3 d5 3. Bg2 Bg4 4. c4 c6 5. Ne5 Bh5 6. cxd5 cxd5 7. Nc3 e6 8.
Qa4+ Nbd7 9. g4 Bg6 10. h4 Bd6 11. d4 h6 12. Nxg6 fxg6 13. Qc2 Kf7 14. g5 hxg5
15. Bxg5 Qb6 16. O-O-O Rac8 17. Rhg1 Rc7 18. Kb1 Rhc8 19. Qb3 1/2-1/2

[Event "BL 8081 Bochum-Bayern"]
[Site "?"]
[Date "1981.??.??"]
[Round "?.4"]
[White "Schubert, C."]
[Black "Wittmann, R."]
[Result "1-0"]
[WhiteElo "2245"]
[BlackElo "2320"]
[PlyCount "101"]
[EventDate "1981.??.??"]

1. e4 c5 2. Nf3 d6 3. d4 cxd4 4. Nxd4 Nf6 5. Nc3 Nc6 6. g3 Bd7 7. Bg2 g6 8. O-O
Bg7 9. Nde2 O-O 10. h3 a6 11. a4 Qc7 12. Bg5 e6 13. Qc1 Ne8 14. Rd1 f6 15. Be3
Rc8 16. f4 f5 17. exf5 gxf5 18. Kh2 Nf6 19. Bf2 Be8 20. Qe3 Bf7 21. Qb6 Qxb6
22. Bxb6 d5 23. Nd4 Nd7 24. Nxc6 Rxc6 25. Bd4 Bxd4 26. Rxd4 Nb6 27. Bf1 Rfc8
28. a5 Nd7 29. Rb4 R8c7 30. Bg2 Kg7 31. Ra3 Rc4 32. Rab3 Rxb4 33. Rxb4 Kf6 34.
g4 fxg4 35. hxg4 Nb8 36. Kg3 Nc6 37. Rb6 Kg7 38. f5 exf5 39. gxf5 Nxa5 40. Nxd5
Rxc2 41. f6+ Kh6 42. Ne3 Rc7 43. Kh4 Rc4+ 44. Nxc4 Nxc4 45. Rxb7 Kg6 46. Rxf7
Kxf7 47. Bd5+ Kxf6 48. Bxc4 Ke5 49. Bxa6 Kd5 50. b3 Kc5 51. Kh5 1-0

[Event "BL 8081 Porz-Bamberg"]
[Site "?"]
[Date "1981.??.??"]
[Round "?.1"]
[White "Huebner, R."]
[Black "Pfleger, He"]
[Result "1-0"]
[WhiteElo "2635"]
[BlackElo "2505"]
[PlyCount "73"]
[EventDate "1981.??.??"]

1. e4 d6 2. d4 Nf6 3. Nc3 g6 4. Bg5 h6 5. Be3 Bg7 6. h3 a6 7. Be2 Nbd7 8. f4
O-O 9. e5 Nh7 10. Nf3 c5 11. Qd2 cxd4 12. Bxd4 dxe5 13. fxe5 e6 14. Ne4 b5 15.
Nd6 Nb6 16. h4 Nd5 17. O-O-O Bd7 18. Kb1 Bc6 19. c3 Qa5 20. g3 Ne7 21. Bc5 Bd5
22. b3 Nc6 23. Qe3 Rab8 24. Rhf1 b4 25. c4 Bxf3 26. Bxf3 Nxe5 27. Nb7 Qa3 28.
Bd4 Nxf3 29. Bxg7 Kxg7 30. Qxf3 Rxb7 31. Qxb7 Qa5 32. Qe4 h5 33. Rd6 Nf6 34.
Qd4 e5 35. Qd3 Ng4 36. Rxg6+ fxg6 37. Qd7+ 1-0

[Event "BL 8081 Porz-Bamberg"]
[Site "?"]
[Date "1981.??.??"]
[Round "?.2"]
[White "Podzielny, K."]
[Black "Hort, V."]
[Result "0-1"]
[WhiteElo "2385"]
[BlackElo "2575"]
[PlyCount "112"]
[EventDate "1981.??.??"]

1. d4 Nf6 2. Nf3 e6 3. g3 b6 4. Bg2 Bb7 5. O-O d5 6. c4 dxc4 7. Qa4+ Nbd7 8.
Bg5 a6 9. Qxc4 b5 10. Qd3 c5 11. a4 c4 12. Qc2 Be7 13. Nbd2 h6 14. Bxf6 Nxf6
15. b3 cxb3 16. Qxb3 b4 17. Rfc1 O-O 18. e3 Rc8 19. Ne5 Bxg2 20. Kxg2 Qb6 21.
Kg1 Qb7 22. Ndc4 Qc7 23. a5 Nd5 24. Qd3 Bf6 25. Nf3 Rcd8 26. Rab1 Be7 27. Nfd2
Nc3 28. Nb6 e5 29. Ne4 exd4 30. exd4 Rxd4 31. Rxc3 Qd8 32. Qxa6 Rd1+ 33. Rxd1
Qxd1+ 34. Kg2 bxc3 35. Nxc3 Qd4 36. Nbd5 Bc5 37. Qe2 Rd8 38. Qf3 Bb4 39. a6
Bxc3 40. Nxc3 Qa7 41. h4 Qxa6 42. Nd5 Qd6 43. Nf4 Rc8 44. Qg4 Rc5 45. Qe2 Qc6+
46. Kh2 Rc1 47. Ng2 Rc2 48. Qe3 Rc1 49. Qd3 g6 50. Qd8+ Kg7 51. Qd4+ Qf6 52.
Qd2 Qc3 53. Qf4 Qa1 54. Ne3 Rh1+ 55. Kg2 Qa8+ 56. f3 Qa1 0-1

[Event "BL 8081 Porz-Bamberg"]
[Site "?"]
[Date "1981.??.??"]
[Round "?.3"]
[White "Sigurjonsson, G."]
[Black "Kestler, H."]
[Result "0-1"]
[WhiteElo "2435"]
[BlackElo "2385"]
[PlyCount "62"]
[EventDate "1981.??.??"]

1. e4 c5 2. Nf3 d6 3. d4 cxd4 4. Nxd4 Nf6 5. Nc3 Nc6 6. Bc4 Qb6 7. Nxc6 bxc6 8.
O-O e6 9. Qe2 Be7 10. b3 O-O 11. Bb2 e5 12. Na4 Qc7 13. Bd3 Bg4 14. Qe3 Nh5 15.
c4 Nf4 16. c5 dxc5 17. Bc4 Be6 18. Bxe6 Nxe6 19. Qc3 Bd6 20. Ba3 Qe7 21. Rac1
Nf4 22. Rc2 Qg5 23. Qg3 Qh5 24. Qe3 Rfd8 25. Bxc5 Bxc5 26. Nxc5 Rd1 27. f3 Qg5
28. Rxd1 Nh3+ 29. Kf1 Qxe3 30. gxh3 Qxf3+ 31. Ke1 Qh1+ 0-1

[Event "BL 8081 Porz-Bamberg"]
[Site "?"]
[Date "1981.??.??"]
[Round "?.4"]
[White "Treppner, G."]
[Black "Schmidt, B."]
[Result "1/2-1/2"]
[WhiteElo "2280"]
[BlackElo "2375"]
[PlyCount "59"]
[EventDate "1981.??.??"]

1. g3 d5 2. Bg2 Nf6 3. d3 c6 4. e4 dxe4 5. dxe4 Qxd1+ 6. Kxd1 Na6 7. f3 Be6 8.
Be3 g6 9. Nd2 Bg7 10. c3 Nd7 11. Bh3 Nac5 12. Kc2 O-O-O 13. a4 Kb8 14. b4 Bxh3
15. Nxh3 Ne6 16. Nc4 Ne5 17. Nxe5 Bxe5 18. f4 Bc7 19. Rhd1 f6 20. Nf2 Bb6 21.
Bxb6 axb6 22. Rxd8+ Nxd8 23. Nd3 Kc7 24. a5 bxa5 25. Rxa5 h5 26. Ra1 b6 27. e5
Nb7 28. Re1 Rh7 29. Nf2 f5 30. h4 1/2-1/2

[Event "BL 8081 Porz-Bamberg"]
[Site "?"]
[Date "1981.??.??"]
[Round "?.5"]
[White "Reefschlaeger, H."]
[Black "Hartmann, Wo"]
[Result "1-0"]
[WhiteElo "2400"]
[BlackElo "2240"]
[PlyCount "97"]
[EventDate "1981.??.??"]

1. d4 d6 2. Nf3 Nf6 3. Bg5 Ne4 4. Bh4 c5 5. c3 cxd4 6. cxd4 Qa5+ 7. Nbd2 g5 8.
Qc2 Bf5 9. b4 Qd5 10. Nxe4 gxh4 11. Qa4+ b5 12. Nc3 Qxf3 13. Nxb5 Qc6 14. d5
Bc2 15. Qa5 Qb6 16. Rc1 Qxa5 17. bxa5 Ba4 18. Nc7+ Kd8 19. Nxa8 Na6 20. e3 Nc5
21. Rb1 Kc8 22. Be2 Bg7 23. O-O Kd7 24. Rb4 Rxa8 25. Rc1 Bf6 26. Rxa4 Nxa4 27.
Bb5+ Kd8 28. Bxa4 Rb8 29. g3 Rb4 30. Bb3 Rb5 31. a6 Ra5 32. Bc4 Ra4 33. Kg2 Rb4
34. Bd3 h6 35. Bf5 Rb8 36. Rc4 Bg5 37. a3 Bf6 38. Kf3 Ke8 39. Kg4 hxg3 40. hxg3
Kf8 41. Rc7 Rb3 42. Rxa7 Rxa3 43. Bc8 Bc3 44. Kh5 Kg7 45. Rxe7 Ra2 46. Be6 Rxa6
47. Rxf7+ Kh8 48. Kxh6 Ra8 49. Rh7# 1-0

[Event "BL 8081 Frankfurt-Solingen"]
[Site "?"]
[Date "1981.??.??"]
[Round "?.1"]
[White "Hess, R."]
[Black "Spassky, B."]
[Result "1/2-1/2"]
[WhiteElo "2425"]
[BlackElo "2635"]
[PlyCount "56"]
[EventDate "1981.??.??"]

1. c4 e5 2. Nc3 Nc6 3. Nf3 g6 4. d4 exd4 5. Nxd4 Bg7 6. Nxc6 bxc6 7. g3 Ne7 8.
Bg2 O-O 9. h4 Rb8 10. Qa4 d6 11. Ne4 Bf5 12. h5 d5 13. Nc3 d4 14. Ne4 d3 15.
Qd1 Bxb2 16. Bxb2 Rxb2 17. Qxd3 Qxd3 18. exd3 Rd8 19. h6 Bxe4 20. dxe4 c5 21.
O-O Nc6 22. Rfb1 Rdb8 23. Rxb2 Rxb2 24. e5 Nd4 25. Be4 Kf8 26. Re1 Ke7 27. a3
Rb3 28. Kg2 Nf5 1/2-1/2

[Event "BL 8081 Frankfurt-Solingen"]
[Site "?"]
[Date "1981.??.??"]
[Round "?.2"]
[White "Kavalek, L."]
[Black "Staller, P."]
[Result "1/2-1/2"]
[WhiteElo "2550"]
[BlackElo "2355"]
[PlyCount "83"]
[EventDate "1981.??.??"]

1. e4 c6 2. d4 d5 3. Nd2 dxe4 4. Nxe4 Nf6 5. Nxf6+ exf6 6. c3 Bd6 7. Bd3 O-O 8.
Qc2 h6 9. Ne2 c5 10. Be3 cxd4 11. Nxd4 Nc6 12. Nxc6 bxc6 13. O-O Qc7 14. h3 Be6
15. Rad1 Rfe8 16. Bh7+ Kh8 17. Bf5 Rab8 18. Bxe6 Rxe6 19. b3 Rbe8 20. c4 Bf4
21. Bxf4 Qxf4 22. Qd2 Qe4 23. Qc3 f5 24. c5 Rg6 25. g3 Rge6 26. Rd7 R8e7 27.
Rd4 Qe2 28. a3 Re3 29. Qb4 Rd3 30. Rxd3 Qxd3 31. Re1 Rxe1+ 32. Qxe1 Qxb3 33.
Qe8+ Kh7 34. Qxc6 Qxa3 35. Qd5 Qc1+ 36. Kg2 Qc2 37. c6 a5 38. Qd7 Qe4+ 39. Kh2
Qc2 40. Kg2 Qe4+ 41. Kf1 Qb1+ 42. Kg2 1/2-1/2

[Event "BL 8081 Frankfurt-Solingen"]
[Site "?"]
[Date "1981.??.??"]
[Round "?.3"]
[White "Fahnenschmidt, G."]
[Black "Hecht, H."]
[Result "1/2-1/2"]
[WhiteElo "2360"]
[BlackElo "2475"]
[PlyCount "59"]
[EventDate "1981.??.??"]

1. d4 e6 2. Nf3 Nf6 3. e3 b6 4. Bd3 Bb7 5. O-O Be7 6. c4 O-O 7. b3 c5 8. Bb2
cxd4 9. exd4 d6 10. Nc3 Nbd7 11. Re1 Re8 12. b4 Bf8 13. Bf1 a6 14. a3 Rc8 15.
Rc1 g6 16. Nd2 Bg7 17. Nb3 Qc7 18. a4 Qb8 19. Ba3 d5 20. c5 e5 21. cxb6 exd4
22. Rxe8+ Nxe8 23. Nxd4 Nxb6 24. b5 axb5 25. Ndxb5 Qe5 26. a5 Nc4 27. Bxc4 Rxc4
28. Qd3 Qe6 29. Kf1 d4 30. Re1 1/2-1/2

[Event "BL 8081 Frankfurt-Solingen"]
[Site "?"]
[Date "1981.??.??"]
[Round "?.4"]
[White "Borngaesser, R."]
[Black "Bialas, W."]
[Result "1/2-1/2"]
[WhiteElo "2365"]
[BlackElo "2365"]
[PlyCount "73"]
[EventDate "1981.??.??"]

1. e4 c5 2. Nc3 Nc6 3. g3 g6 4. Bg2 Bg7 5. d3 d6 6. Be3 e6 7. Qd2 Nge7 8. h4
Qa5 9. h5 Nd4 10. Rc1 Bd7 11. h6 Bf6 12. e5 dxe5 13. Ne4 Qxd2+ 14. Kxd2 Ng8 15.
c3 Nf5 16. Nxf6+ Nxf6 17. Bxc5 O-O-O 18. Bxa7 e4 19. dxe4 Bc6+ 20. Ke1 Nxe4 21.
Nf3 Nd2 22. Nxd2 Bxg2 23. Rh2 Bc6 24. g4 Nd6 25. Bb6 Rd7 26. f3 f6 27. c4 Nf7
28. Rc3 Ne5 29. Ke2 Re8 30. Rf2 f5 31. g5 Kb8 32. b4 Rc8 33. Rf1 Bb5 34. Rfc1
Rxd2+ 35. Kxd2 Nxc4+ 36. Rxc4 Bxc4 37. f4 1/2-1/2

[Event "BL 8081 Frankfurt-Solingen"]
[Site "?"]
[Date "1981.??.??"]
[Round "?.5"]
[White "Haakert, J."]
[Black "Lehmann, H."]
[Result "1-0"]
[WhiteElo "2205"]
[BlackElo "2345"]
[PlyCount "70"]
[EventDate "1981.??.??"]

1. g3 g6 2. Bg2 Bg7 3. d3 c5 4. f4 Nc6 5. Nf3 d5 6. O-O e6 7. c3 Nge7 8. a4 O-O
9. Na3 a6 10. Be3 b6 11. Bf2 Bb7 12. e4 d4 13. e5 dxc3 14. bxc3 Nd5 15. Qb3 Rb8
16. Nc4 Ba8 17. Nfd2 Kh8 18. Ne4 f5 19. exf6 Nxf6 20. Ng5 Qxd3 21. Rad1 Na5 22.
Nxa5 bxa5 23. Qxe6 Qxc3 24. Bxa8 Rxa8 25. Rc1 Qb2 26. Rb1 Qc2 27. Rbc1 Qxa4 28.
Bxc5 h6 29. Rc4 Qa2 30. Bxf8 Rxf8 31. Rc7 Qb2 32. Nf3 Re8 33. Qf7 Rg8 34. Ne5
Ne4 35. Qxg6 Rf8 1-0

[Event "BL 8081 Frankfurt-Solingen"]
[Site "?"]
[Date "1981.??.??"]
[Round "?.7"]
[White "Steinbacher, M."]
[Black "Lau, R."]
[Result "0-1"]
[WhiteElo "2265"]
[BlackElo "2405"]
[PlyCount "84"]
[EventDate "1981.??.??"]

1. e4 c5 2. Nf3 d6 3. c3 Nf6 4. Be2 g6 5. O-O Bg7 6. Re1 O-O 7. Bf1 Bg4 8. h3
Bxf3 9. Qxf3 Nc6 10. Na3 Nd7 11. Nc2 Rc8 12. Qd1 Qb6 13. Rb1 a6 14. b4 cxb4 15.
Nxb4 Nxb4 16. Rxb4 Qa7 17. a4 Rc7 18. Qb3 Rfc8 19. Ba3 Nc5 20. Qd5 e6 21. Qa2
b6 22. Qb1 Rc6 23. Qc2 Nd7 24. Reb1 R8c7 25. Qd3 Bxc3 26. dxc3 Rxc3 27. Qxd6
Rxa3 28. Bxa6 Rac3 29. Bb5 Nf6 30. Qe5 Kg7 31. Qd4 R7c5 32. Bf1 e5 33. Qd6 Ra3
34. Bb5 Ra2 35. Bd3 b5 36. R1b2 Rxb2 37. Rxb2 bxa4 38. Rb6 Nd7 39. Ra6 Rc1+ 40.
Bf1 Qb7 41. Rxa4 Rxf1+ 42. Kxf1 Qb5+ 0-1

[Event "BL 8081 Frankfurt-Solingen"]
[Site "?"]
[Date "1981.??.??"]
[Round "?.8"]
[White "Dueball, J."]
[Black "Rostalski, W."]
[Result "1/2-1/2"]
[WhiteElo "2445"]
[BlackElo "2315"]
[PlyCount "40"]
[EventDate "1981.??.??"]

1. e4 g6 2. d4 Bg7 3. Nc3 d6 4. Nf3 Nf6 5. Be2 O-O 6. O-O Bg4 7. Be3 Nc6 8. Qd3
e5 9. d5 Ne7 10. Nd2 Bxe2 11. Qxe2 Nd7 12. Nc4 f5 13. exf5 Nxf5 14. Ne4 h6 15.
Rad1 a6 16. c3 Nf6 17. f3 Nxe4 18. fxe4 Nxe3 19. Qxe3 Qh4 20. Nd2 Kh7 1/2-1/2

[Event "BL 8081 Hofheim-Katernberg"]
[Site "?"]
[Date "1981.??.??"]
[Round "?.2"]
[White "Rosen, W."]
[Black "Huisl, W."]
[Result "0-1"]
[WhiteElo "2310"]
[BlackElo "2350"]
[PlyCount "138"]
[EventDate "1981.??.??"]

1. e4 e5 2. Nf3 Nc6 3. d4 exd4 4. Nxd4 Qf6 5. Nb5 Bc5 6. Qe2 Bb6 7. N1c3 Nge7
8. Be3 Ba5 9. O-O-O a6 10. Nd5 Nxd5 11. exd5 axb5 12. Bd4+ Qe7 13. dxc6 dxc6
14. Bxg7 Qxe2 15. Bxe2 Rg8 16. Bf6 Be6 17. Bd3 Rxg2 18. Rhg1 Rxg1 19. Rxg1 Kd7
20. Bxh7 Bb4 21. Rg8 Rxg8 22. Bxg8 Bd6 23. h4 Bf4+ 24. Kb1 Bd5 25. Bg7 Ke6 26.
Bh7 Bf3 27. c3 Bh5 28. Bd3 Bd6 29. Bh6 Be7 30. Kc2 Bxh4 31. Be3 Bg6 32. Bxg6
fxg6 33. Kd3 Kf5 34. f3 Be7 35. b3 Bd6 36. Bd2 Bf4 37. Be1 Ke5 38. Bf2 Kd5 39.
c4+ bxc4+ 40. bxc4+ Ke5 41. a4 Kf5 42. Be1 Bd6 43. Bd2 Bc5 44. Bc1 Ke5 45. Bd2
Bb6 46. Bc1 Ba5 47. Be3 Bb4 48. Bc1 Bc5 49. Bd2 Bg1 50. Bc1 Bb6 51. Bd2 Bc5 52.
Be1 Kf4 53. Ke2 Ba3 54. Bc3 c5 55. Bg7 Bb4 56. Bb2 Kf5 57. Kd3 Ke6 58. Ke4 Kd6
59. Bf6 Kc6 60. Bd8 Kb6 61. Kd5 Bd2 62. a5+ Bxa5 63. Ke6 Bd2 64. Kf7 g5 65. Kg6
Ka5 66. Bxg5 Bxg5 67. Kxg5 b5 68. Kf4 b4 69. Ke3 Kb6 0-1

[Event "BL 8081 Solingen-Hofheim"]
[Site "?"]
[Date "1981.??.??"]
[Round "?.3"]
[White "Hecht, H."]
[Black "Berry, S."]
[Result "1/2-1/2"]
[WhiteElo "2475"]
[BlackElo "2245"]
[PlyCount "52"]
[EventDate "1981.??.??"]

1. e4 e5 2. Nf3 Nc6 3. Bb5 a6 4. Ba4 d6 5. Bxc6+ bxc6 6. d4 f6 7. Be3 Ne7 8.
Nc3 Ng6 9. h4 h5 10. Qd3 Be7 11. Qc4 Bd7 12. O-O-O Qb8 13. dxe5 fxe5 14. Ng5
Bxg5 15. Bxg5 a5 16. a3 Qb7 17. Rd3 Nf8 18. Rf3 Ne6 19. Kb1 Qa6 20. Qxa6 Rxa6
21. Bc1 Ra8 22. Rd3 Rf8 23. f3 Nf4 24. Rd2 Ke7 25. Rf2 Rf7 26. Ne2 Nxe2 1/2-1/2